| 000 | 005460000a22001930004500 | ||
|---|---|---|---|
| 003 | LK-CoMWRAF | ||
| 005 | 20231010100535.0 | ||
| 008 | 230817t1984 ||||| |||| 00| 0 eng d | ||
| 040 |
_aLK-CoMWRAF _dLK-CoMWRAF _eLK-CoMWRAF |
||
| 041 | _aeng | ||
| 082 |
_a297.122 _bWIS |
||
| 245 |
_aWisdom of Quran : _bSelected verses and short description of Islamic principles |
||
| 260 |
_aMadras (India) : _bAl-Fassy Publications, _c1984 |
||
| 300 | _a174p | ||
| 650 | _aIslam | ||
| 650 | _aQuran | ||
| 700 |
_aWahhab,, Moulavi M.Abdul _eed. |
||
| 942 | _cBK | ||
| 999 |
_c1537 _d1537 |
||